Hundred of streets to the place of lights / (Record no. 96656)

MARC details
000 -LEADER
fixed length control field 00674nam a22002057a 4500
005 - DATE AND TIME OF LATEST TRANSACTION
control field 20151105115553.0
010 ## - LCCN (DPL NO)
LC control number ENG-113987
020 ## - INTERNATIONAL STANDARD BOOK NUMBER
Terms of availability 450.00
International Standard Book Number 9780199459681
035 ## - SYSTEM CONTROL NUMBER
System control number EN-97519
037 ## - SOURCE OF ACQUISITION
Source of stock number/acquisition DBAD/PUB
Stock number dpl
082 ## - DEWEY DECIMAL CLASSIFICATION NUMBER
Classification number S
100 ## - MAIN ENTRY--PERSONAL NAME
Personal name Diwakar, S.
245 ## - TITLE STATEMENT
Title Hundred of streets to the place of lights /
Statement of responsibility, etc by S. Diwakar ; edited by Mini Krishnan ; translated from Kannada by Susheela Punitha
260 ## - PUBLICATION, DISTRIBUTION, ETC. (IMPRINT)
Place of publication, distribution, etc New Delhi
Name of publisher, distributor, etc Oxford University Press
Date of publication, distribution, etc 2015
270 ## - ADDRESS
Address YMCA Library Building, 1, Jai Singh Road,
City New Delhi
Postal code 110001
300 ## - PHYSICAL DESCRIPTION
Extent xxvii,166p.
Dimensions 21cm(pbk)
700 ## - ADDED ENTRY--PERSONAL NAME
Personal name Mini Krishnan
700 ## - ADDED ENTRY--PERSONAL NAME
Personal name Punitha, Susheela
942 ## - ADDED ENTRY ELEMENTS (KOHA)
Source of classification or shelving scheme Dewey Decimal Classification
Item type English Books
Call number suffix DIW
Classification part S
Holdings
Withdrawn status Lost status Not for loan Collection code Home library Current library Date acquired Source of acquisition Cost, normal purchase price Full call number Barcode Copy number Cost, replacement price Koha item type
    Not For Loan Fiction D.B.Act.Division D.B.Act.Division 08/09/2015 DBAD/PUB 450.00 S DIW EN-97519 1 450.00 English Books

© Delhi Public Library
Hit Counter
free hit counter